01062nam a2200265 a 450000100060000000300080000600500170001400800410003103500140007204000330008604100080011908200250012711001250015224500390027726000290031630000320034550000180037765000420039565000360043770000620047383000870053594200120062299900170063495201450065151731BD-RjUL20211209075715.0160901s1955 ilu 001 0 eng  a(BD-RjUL) aDLCcCarPdDLCdBD-RjULbeng aeng 223a370.15bMEN 19552 aNational Society for the Study of Education.bCommittee on Mental Health in Modern Education. [from old catalog]915467910aMental health in modern education. aChicago :bNSSE.cc1955. axi, 397, lxxiv p. ;c24 cm. ainculde index 0aMental healthzUnited States.9154680 0aEducational psychology.91546811 aHenry, Nelson B.q(Nelson Bollinger),d1883-eed.9146121 0aYearbook of the National Society for the Study of Education,v54th, pt. 2.9154682 2ddccBK c51731d51731 00102ddc40708NFICaRUCLbRUCLcStackd1957-10-10eP. A. Commercialg131.00l0o370.15 MEN 1955r2016-09-01 00:00:00tC-2w2016-09-01yBK